000 00718nam a2200229 a 4500
999 _c1148
_d1148
001 1148
003 BD-JhCC
005 20171023200300.0
008 171015s2000 bg p|||| |||| 00| 0 ben d
020 _a9844041414
035 _a(BD-JhCC) 1148
040 _aBD-JhCC
_dBD-JhCC
041 _aben
082 _a954.92
_bCHO 2000
100 _aচৌধরী, শামসুল হুদা
245 _aবরেন্দ্র থেকে বাংলাদেশ /
_cশামসুল হুদা চৌধরী
260 _aঢাকা :
_bঅনুপম প্রকাশনী,
_c২০০০
300 _a159 p. :
_bill,
_c21 cm
651 _aBangladesh
942 _2ddc
_cBK